Dictamen 4-2006 sobre el Anteproyecto de ley de transporte interurbano por carretera de La Rioja (Registro nro. 20104)
[ vista simple ]
| 000 -CABECERA | |
|---|---|
| Longitud fija campo de control | 01137nam a2200313 c 4500 |
| 001 - NÚMERO DE CONTROL | |
| Número de control | 20104 |
| 003 - IDENTIFICADOR DE NÚMERO DE CONTROL | |
| Identificador del número de control | ES-MaCES |
| 005 - FECHA Y HORA DE LA ÚLTIMA TRANSACCIÓN | |
| Fecha y hora de la última transacción | 20141221122638.0 |
| 008 - CAMPO FIJO DE DESCRIPCIÓN FIJA--INFORMACIÓN GENERAL | |
| Códigos de información de longitud fija | 070523s2006 sp l o000 | spa d |
| 017 ## - NÚMERO DE REGISTRO DE DERECHOS DE AUTOR Y DEPÓSITO LEGAL | |
| Número de copyright o de depósito legal | LR 318-2006 |
| Agencia que asigna el número | DL |
| 035 ## - NÚMERO DE CONTROL DEL SISTEMA | |
| Número de control del sistema | CES20070006062m |
| 040 ## - FUENTE DE CATALOGACIÓN | |
| Centro catalogador de origen | ES-MaCES |
| Lengua de catalogación | spa |
| Centro transcriptor | ES-MaCES |
| 110 2# - ENCABEZAMIENTO PRINCIPAL--NOMBRE CORPORATIVO | |
| Nombre de entidad corporativa o nombre de jurisdicción como elemento inicial | Consejo Económico y Social de La Rioja |
| 9 (RLIN) | 2443 |
| 245 10 - MENCIÓN DE TÍTULO | |
| Título | Dictamen 4-2006 sobre el Anteproyecto de ley de transporte interurbano por carretera de La Rioja |
| Mención de responsabilidad, etc. | Consejo Económico y Social de La Rioja |
| 260 ## - PUBLICACIÓN, DISTRIBUCIÓN, ETC (PIE DE IMPRENTA) | |
| Lugar de publicación, distribución, etc. | Logroño |
| Nombre del editor, distribuidor, etc. | CES |
| Fecha de publicación, distribución, etc. | [2006] |
| 300 ## - DESCRIPCIÓN FÍSICA | |
| Extensión | 8 p. |
| Dimensiones | 21 cm |
| 500 ## - NOTA GENERAL | |
| Nota general | Tít. tomado de la cub. |
| 541 ## - NOTA DE LA FUENTE INMEDIANTE DE ADQUISICIÓN | |
| Forma de adquisición | Gratuito |
| 650 #4 - ASIENTO SECUNDARIO DE MATERIA--TÉRMINO DE MATERIA | |
| Término de materia o nombre geográfico como elemento inicial | transporte urbano |
| 9 (RLIN) | 28065 |
| 650 #4 - ASIENTO SECUNDARIO DE MATERIA--TÉRMINO DE MATERIA | |
| Término de materia o nombre geográfico como elemento inicial | transporte por carretera |
| 9 (RLIN) | 28054 |
| 650 #4 - ASIENTO SECUNDARIO DE MATERIA--TÉRMINO DE MATERIA | |
| Término de materia o nombre geográfico como elemento inicial | La Rioja (Comunidad Autónoma) |
| 9 (RLIN) | 30883 |
| 650 #4 - ASIENTO SECUNDARIO DE MATERIA--TÉRMINO DE MATERIA | |
| Término de materia o nombre geográfico como elemento inicial | régimen jurídico |
| 9 (RLIN) | 29894 |
| 650 #4 - ASIENTO SECUNDARIO DE MATERIA--TÉRMINO DE MATERIA | |
| Término de materia o nombre geográfico como elemento inicial | dictamen |
| 9 (RLIN) | 30802 |
| 653 10 - TÉRMINO DE INDEXACIÓN--NO CONTROLADO | |
| Término no controlado | Transporte-Comunicaciones |
| 787 0# - ENTRADA DE OTRAS ESPECIFICACIONES | |
| Título | Dictamen 2-2003 sobre el Anteproyecto de ley reguladora del transporte urbano por carretera de La Rioja |
| Número de control del registro relacionado | (ES-MaCES)15745 |
| 902 ## - CES. TIPO DE DOCUMENTO | |
| Tipodoc (006$c Sirtex) | LIB Libro |
| 942 ## - ELEMENTOS KOHA | |
| Fuente de clasificaión o esquema | Clasificación propia del CES |
| Koha [por defecto] tipo de item | Monografías |
| Parte de clasificación | 5.2. |
| Número de registro | Signatura completa | Tipo de item de Koha |
|---|---|---|
| 067986 | - | Monografías |
